000 00693nam a22002417a 4500
003 UA-OsUOA
001 124160
007 ta
008 20170801b un ||||| |||| 00| 0 ukr d
100 _aКоробеев А. И.
090 _a343.346(470+571)
_bК68
942 _cBK
040 _aUA-OsUOA
_brus
_cUA-OsUOA
_dUA-OsUOA
245 _aТранспортные преступления
300 _a406 с.
955 _a1
041 _arus
080 _a343.346(470+571)
020 _a5-94201-161-3
260 _aСПб
_bЮридический центр Пресс
_c2003
650 7 _a343 Кримінальне право. Карні порушення
_2UDC
999 _c411395
_d411395